| 000 | 00562nam a2200121Ia 4500 | ||
|---|---|---|---|
| 008 | 160712s9999 xx 000 0 und d | ||
| 100 | _aMadula, Rowell D. | ||
| 245 |
_cRowell D. Madula _aKuwentong Buhay ng Isang Pambansa- Demokratikong Rebolusyonaryong Bakla sa Rehiyon ng Katimugang Mindanao (A Life Story of a Gay National-Democratic Revolutionary in Southern Mindanao Region) |
||
| 260 |
_c2016 _bHumanities Diliman |
||
| 300 | _avol. 13 no. 2 | ||
| 650 | _xHUMANITIES | ||
| 856 | _uhttp://journals.upd.edu.ph/index.php/humanitiesdiliman/issue/view/544/showToc | ||
| 999 |
_c296987 _d296987 |
||